[Event "Winnipeg TNT August op"]
[Site "Winnipeg CAN"]
[Date "2011.08.16"]
[Round "2"]
[White "Oberton, Daniel"]
[Black "Boron, Anthony"]
[Result "0-1"]
[WhiteElo "1989"]
[BlackElo "1996"]
[PlyCount "54"]
[GameId "2160767909649008"]
[EventDate "2011.08.09"]
[EventType "swiss"]
[EventRounds "4"]
[EventCountry "CAN"]
[SourceTitle "EXT 2022"]
[Source "ChessBase"]
[SourceDate "2021.10.06"]
[SourceVersion "1"]
[SourceVersionDate "2021.10.06"]
[SourceQuality "1"]

1. e4 c5 2. Nf3 e6 3. d4 cxd4 4. Nxd4 Nf6 5. Bd3 Nc6 6. Nf3 Qc7 7. Nc3 Bb4 8. Bd2 a6 9. Qe2 b5 10. a3 Bc5 11. O-O d6 12. Kh1 Bb7 13. Nd1 O-O 14. b4 Ba7 15. Bc3 Qe7 16. Bb2 Rac8 17. Rc1 Rfd8 18. c4 bxc4 19. Bxc4 Ne5 20. Bxa6 Rxc1 21. Bxc1 Bxe4 22. Nxe5 dxe5 23. f3 Bf5 24. Qxe5 Bb8 25. Qe2 Qc7 26. g4 Qxc1 27. Nf2 Qh6 0-1

[Event "Winnipeg TNT August op"]
[Site "Winnipeg CAN"]
[Date "2011.08.16"]
[Round "2"]
[White "Reimer, Bruce"]
[Black "Schwartz, Leah"]
[Result "1-0"]
[WhiteElo "1669"]
[BlackElo "1343"]
[PlyCount "55"]
[GameId "2160767909649009"]
[EventDate "2011.08.09"]
[EventType "swiss"]
[EventRounds "4"]
[EventCountry "CAN"]
[SourceTitle "EXT 2022"]
[Source "ChessBase"]
[SourceDate "2021.10.06"]
[SourceVersion "1"]
[SourceVersionDate "2021.10.06"]
[SourceQuality "1"]

1. c4 c5 2. g3 Nf6 3. Bg2 g6 4. Nc3 Bg7 5. e4 O-O 6. Nge2 Nc6 7. O-O d6 8. d3 e5 9. Bg5 h6 10. Be3 Be6 11. Qd2 Kh7 12. Nd5 Qd7 13. Nxf6+ Bxf6 14. Bxh6 Rfe8 15. Be3 Bh3 16. f4 Kg8 17. f5 Bxg2 18. Kxg2 a6 19. fxg6 Kg7 20. gxf7 Kxf7 21. Nc3 Nd4 22. Nd5 Re6 23. Bg5 Kg6 24. Bxf6 Rf8 25. Qg5+ Kh7 26. Qh5+ Kg8 27. Qg6+ Qg7 28. Qxg7# 1-0

[Event "Winnipeg TNT August op"]
[Site "Winnipeg CAN"]
[Date "2011.08.16"]
[Round "2"]
[White "Zaczek, Jonathon"]
[Black "Pottinger, Carl"]
[Result "1-0"]
[WhiteElo "2278"]
[BlackElo "1904"]
[PlyCount "51"]
[GameId "2160767909649010"]
[EventDate "2011.08.09"]
[EventType "swiss"]
[EventRounds "4"]
[EventCountry "CAN"]
[SourceTitle "EXT 2022"]
[Source "ChessBase"]
[SourceDate "2021.10.06"]
[SourceVersion "1"]
[SourceVersionDate "2021.10.06"]
[SourceQuality "1"]

1. e4 c5 2. Nf3 d6 3. d4 cxd4 4. Nxd4 Nf6 5. Nc3 g6 6. Be3 Bg7 7. f3 O-O 8. Qd2 Nc6 9. Bc4 Bd7 10. Bb3 Rc8 11. O-O-O Ne5 12. Kb1 Re8 13. g4 Nc4 14. Bxc4 Rxc4 15. h4 Qa5 16. Nb3 Qc7 17. e5 Nxg4 18. fxg4 Bxg4 19. exd6 exd6 20. Rde1 Rxc3 21. Bd4 Rxe1+ 22. Rxe1 Rxb3 23. Re8+ Bf8 24. Qh6 Rxb2+ 25. Bxb2 Qe7 26. Qg7# 1-0

[Event "Winnipeg TNT August op"]
[Site "Winnipeg CAN"]
[Date "2011.08.23"]
[Round "3"]
[White "Boron, Anthony"]
[Black "Zaczek, Jonathon"]
[Result "0-1"]
[WhiteElo "1996"]
[BlackElo "2284"]
[PlyCount "90"]
[GameId "2160767909649011"]
[EventDate "2011.08.09"]
[EventType "swiss"]
[EventRounds "4"]
[EventCountry "CAN"]
[SourceTitle "EXT 2022"]
[Source "ChessBase"]
[SourceDate "2021.10.06"]
[SourceVersion "1"]
[SourceVersionDate "2021.10.06"]
[SourceQuality "1"]

1. e4 c5 2. Nf3 d6 3. Bb5+ Nd7 4. O-O e6 5. d4 cxd4 6. Qxd4 a6 7. Ba4 Ngf6 8. c4 Be7 9. e5 dxe5 10. Nxe5 O-O 11. Bxd7 Nxd7 12. Nxd7 Bxd7 13. Nc3 Bf6 14. Qe3 Rc8 15. Rd1 Qc7 16. Ne4 Be7 17. b3 Bc6 18. Bb2 Rfd8 19. Qc3 f6 20. Qh3 f5 21. Ng3 Rxd1+ 22. Rxd1 Rd8 23. Qh5 g6 24. Qe2 Rxd1+ 25. Qxd1 Qd6 26. Qe2 Kf7 27. Qe5 Qd1+ 28. Nf1 Be4 29. Bc3 Bd3 30. Qe1 Qxe1 31. Bxe1 Bb1 32. b4 Bxa2 33. c5 e5 34. Ne3 Ke6 35. Bc3 f4 36. Nc2 Bb3 37. Na3 e4 38. Kf1 Kd5 39. Ke2 Bc4+ 40. Kd2 Bg5 41. Ke1 Bd3 42. g3 f3 43. Bb2 e3 44. h4 Bh6 45. b5 axb5 0-1

[Event "Winnipeg TNT August op"]
[Site "Winnipeg CAN"]
[Date "2011.08.23"]
[Round "3"]
[White "Einarsson, Ken"]
[Black "De los Santos, Christopher"]
[Result "1/2-1/2"]
[WhiteElo "1788"]
[BlackElo "1823"]
[PlyCount "52"]
[GameId "2160767909649012"]
[EventDate "2011.08.09"]
[EventType "swiss"]
[EventRounds "4"]
[EventCountry "CAN"]
[SourceTitle "EXT 2022"]
[Source "ChessBase"]
[SourceDate "2021.10.06"]
[SourceVersion "1"]
[SourceVersionDate "2021.10.06"]
[SourceQuality "1"]

1. d4 d5 2. c4 e6 3. Nc3 Nf6 4. Bg5 Be7 5. e3 c6 6. Nf3 Nbd7 7. cxd5 exd5 8. Bd3 O-O 9. Qc2 Re8 10. O-O h6 11. Bh4 Ne4 12. Bxe7 Qxe7 13. Rae1 Ndf6 14. Ne5 Nxc3 15. bxc3 Ng4 16. f4 Qh4 17. Bh7+ Kf8 18. h3 Nf6 19. Bg6 Be6 20. f5 Kg8 21. fxe6 fxg6 22. Qxg6 Qg5 23. Qf7+ Kh7 24. Qxb7 Rab8 25. Qf7 Rf8 26. Qe7 Rfe8 1/2-1/2

[Event "Winnipeg TNT August op"]
[Site "Winnipeg CAN"]
[Date "2011.08.23"]
[Round "3"]
[White "Kaptsan, Aron"]
[Black "Mundwiler, Les"]
[Result "1-0"]
[WhiteElo "1978"]
[BlackElo "2097"]
[PlyCount "57"]
[GameId "2160767909649013"]
[EventDate "2011.08.09"]
[EventType "swiss"]
[EventRounds "4"]
[EventCountry "CAN"]
[SourceTitle "EXT 2022"]
[Source "ChessBase"]
[SourceDate "2021.10.06"]
[SourceVersion "1"]
[SourceVersionDate "2021.10.06"]
[SourceQuality "1"]

1. d4 Nf6 2. c4 d6 3. g3 Nbd7 4. Bg2 e5 5. Nf3 c6 6. dxe5 dxe5 7. O-O Qc7 8. Nc3 b6 9. b3 Bb7 10. Bb2 O-O-O 11. Qc2 Be7 12. a3 Ng4 13. b4 h5 14. Ne4 f6 15. c5 h4 16. h3 Nh6 17. Nxh4 Nf8 18. Rfd1 g5 19. Rxd8+ Qxd8 20. Rd1 Qc7 21. Nd6+ Kb8 22. Ng6 Nxg6 23. Qxg6 Bd8 24. Nxb7 Qxb7 25. b5 bxc5 26. Bxc6 Qe7 27. Rd7 Qf8 28. Rb7+ Kc8 29. Qd3 1-0

[Event "Winnipeg TNT August op"]
[Site "Winnipeg CAN"]
[Date "2011.08.23"]
[Round "3"]
[White "Kernetsky, Myron"]
[Black "Li, Kevin"]
[Result "0-1"]
[WhiteElo "1987"]
[BlackElo "2181"]
[PlyCount "89"]
[GameId "2160767909649014"]
[EventDate "2011.08.09"]
[EventType "swiss"]
[EventRounds "4"]
[EventCountry "CAN"]
[SourceTitle "EXT 2022"]
[Source "ChessBase"]
[SourceDate "2021.10.06"]
[SourceVersion "1"]
[SourceVersionDate "2021.10.06"]
[SourceQuality "1"]

1. d4 Nf6 2. c4 e6 3. Nf3 d5 4. Nc3 Be7 5. Bf4 O-O 6. e3 b6 7. Be2 Bb7 8. O-O Nbd7 9. Nb5 Ne8 10. cxd5 exd5 11. Qb3 c6 12. Nc3 Nd6 13. Rfd1 Re8 14. a4 a5 15. Ne5 Nf6 16. Rac1 Rc8 17. h3 h6 18. Rc2 Bf8 19. Rcd2 Nde4 20. Nxe4 Nxe4 21. Rc2 c5 22. dxc5 Nxc5 23. Qa2 Ne6 24. Rxc8 Qxc8 25. Bb5 Rd8 26. Bg3 Qc2 27. Qb1 Qxb1 28. Rxb1 d4 29. Rd1 Bc5 30. exd4 Bxd4 31. Nd3 Kf8 32. Kf1 Ke7 33. f3 Bd5 34. Rc1 f5 35. Rc2 g5 36. Bf2 Bb3 37. Rc6 Rd6 38. Rc8 Rd8 39. Rc6 Bd5 40. Rc1 f4 41. Re1 Bxf2 42. Kxf2 Kf6 43. Ne5 Nc5 44. Nd3 Nxd3+ 45. Bxd3 0-1

[Event "Winnipeg TNT August op"]
[Site "Winnipeg CAN"]
[Date "2011.08.23"]
[Round "3"]
[White "Klokow, John"]
[Black "Joven, Perfecto"]
[Result "1-0"]
[WhiteElo "1807"]
[BlackElo "2006"]
[PlyCount "83"]
[GameId "2160767909649015"]
[EventDate "2011.08.09"]
[EventType "swiss"]
[EventRounds "4"]
[EventCountry "CAN"]
[SourceTitle "EXT 2022"]
[Source "ChessBase"]
[SourceDate "2021.10.06"]
[SourceVersion "1"]
[SourceVersionDate "2021.10.06"]
[SourceQuality "1"]

1. e4 Nf6 2. e5 Nd5 3. d4 d6 4. c4 Nb6 5. f4 g6 6. Be3 Bg7 7. Nc3 O-O 8. Be2 c6 9. Nf3 Qc7 10. O-O Bh6 11. Qd2 Rd8 12. exd6 exd6 13. Rae1 N8d7 14. f5 Bg7 15. fxg6 hxg6 16. Bf4 Nf6 17. c5 Nbd5 18. Nxd5 cxd5 19. Bxd6 Rxd6 20. cxd6 Qxd6 21. Bd3 Ng4 22. Re8+ Bf8 23. h3 Nf6 24. Re2 Qg3 25. Qg5 Nh5 26. Re8 Kg7 27. Qxg3 Nxg3 28. Rc1 Bf5 29. Rxa8 Bxd3 30. Kf2 Bd6 31. Ne5 Nf5 32. Nxd3 Nxd4 33. Rxa7 b6 34. Rcc7 Ne6 35. Rxf7+ Kg8 36. Rfd7 Bf8 37. Ne5 Nc5 38. Rd8 Ne6 39. Rda8 d4 40. Nxg6 d3 41. Nxf8 Nxf8 42. Ke3 1-0

[Event "Winnipeg TNT August op"]
[Site "Winnipeg CAN"]
[Date "2011.08.23"]
[Round "3"]
[White "Leaden, Bruce"]
[Black "Iomdina, Alexander"]
[Result "1/2-1/2"]
[WhiteElo "1502"]
[BlackElo "1410"]
[PlyCount "49"]
[GameId "2160767909649016"]
[EventDate "2011.08.09"]
[EventType "swiss"]
[EventRounds "4"]
[EventCountry "CAN"]
[SourceTitle "EXT 2022"]
[Source "ChessBase"]
[SourceDate "2021.10.06"]
[SourceVersion "1"]
[SourceVersionDate "2021.10.06"]
[SourceQuality "1"]

1. d4 Nf6 2. Nf3 g6 3. Bf4 Bg7 4. h3 Nc6 5. e3 O-O 6. Be2 d5 7. Nbd2 Bf5 8. O-O a6 9. c4 Rb8 10. a3 dxc4 11. Nxc4 Nd7 12. Nce5 Ndxe5 13. Nxe5 Nxe5 14. Bxe5 Bxe5 15. dxe5 Qxd1 16. Rfxd1 Rfd8 17. Rac1 Rxd1+ 18. Rxd1 c5 19. g4 Be6 20. e4 g5 21. f3 a5 22. Kf2 b5 23. Ke3 b4 24. a4 Kg7 25. Bb5 1/2-1/2

[Event "Winnipeg TNT August op"]
[Site "Winnipeg CAN"]
[Date "2011.08.23"]
[Round "3"]
[White "Pang, Michael"]
[Black "Green, Jim"]
[Result "1/2-1/2"]
[WhiteElo "1829"]
[BlackElo "1851"]
[PlyCount "83"]
[GameId "2160767909649017"]
[EventDate "2011.08.09"]
[EventType "swiss"]
[EventRounds "4"]
[EventCountry "CAN"]
[SourceTitle "EXT 2022"]
[Source "ChessBase"]
[SourceDate "2021.10.06"]
[SourceVersion "1"]
[SourceVersionDate "2021.10.06"]
[SourceQuality "1"]

1. e4 d6 2. d4 Nf6 3. Nc3 e5 4. dxe5 dxe5 5. Qxd8+ Kxd8 6. Bg5 c6 7. O-O-O+ Ke8 8. f4 Nbd7 9. h3 Bb4 10. Nge2 h6 11. Bxf6 gxf6 12. f5 b5 13. a3 Bc5 14. g4 Bb7 15. Ng3 Rd8 16. Bg2 Ke7 17. a4 a6 18. Rd3 Nb6 19. axb5 axb5 20. Rhd1 Rxd3 21. Rxd3 Rd8 22. Rxd8 Kxd8 23. b3 Be3+ 24. Kd1 Bg5 25. Bf1 Kc7 26. Bd3 Kd6 27. b4 Nd7 28. Na2 Ba6 29. c3 Nb6 30. Nc1 Na4 31. Nge2 c5 32. Bc2 Nb2+ 33. Ke1 c4 34. Bb1 Bb7 35. Bc2 Bc6 36. Bb1 Ke7 37. Kf2 Bxc1 38. Nxc1 Nd1+ 39. Kf3 Nxc3 40. Bc2 Na4 41. Ne2 Nb2 42. Nc3 1/2-1/2

[Event "Winnipeg TNT August op"]
[Site "Winnipeg CAN"]
[Date "2011.08.23"]
[Round "3"]
[White "Pottinger, Carl"]
[Black "Reimer, Bruce"]
[Result "1-0"]
[WhiteElo "1883"]
[BlackElo "1669"]
[PlyCount "81"]
[GameId "2160767909649018"]
[EventDate "2011.08.09"]
[EventType "swiss"]
[EventRounds "4"]
[EventCountry "CAN"]
[SourceTitle "EXT 2022"]
[Source "ChessBase"]
[SourceDate "2021.10.06"]
[SourceVersion "1"]
[SourceVersionDate "2021.10.06"]
[SourceQuality "1"]

1. c4 e5 2. g3 Nc6 3. Bg2 f5 4. Nc3 Nf6 5. a3 a5 6. e3 Bc5 7. Nge2 O-O 8. O-O d6 9. d4 Ba7 10. d5 Ne7 11. b4 Bd7 12. b5 Qe8 13. Bd2 Ng4 14. h3 Nf6 15. Kh2 g5 16. Na4 Bb6 17. Nec3 Ng6 18. Ne2 h5 19. Rc1 h4 20. Nac3 g4 21. e4 fxe4 22. Nxe4 Nxe4 23. Bxe4 Rxf2+ 24. Rxf2 Bxf2 25. Qf1 hxg3+ 26. Nxg3 Bxg3+ 27. Kxg3 gxh3 28. Qf6 Nf4 29. Qg5+ Kf7 30. Bxf4 exf4+ 31. Kf3 Qg8 32. Qxf4+ Ke7 33. Qh4+ Ke8 34. Ke3 Qg7 35. Kd3 Qe7 36. Qh8+ Qf8 37. Bg6+ Ke7 38. Re1+ Be6 39. Rxe6+ Kd7 40. Qh7+ Kd8 41. Re8+ 1-0

[Event "Winnipeg TNT August op"]
[Site "Winnipeg CAN"]
[Date "2011.08.23"]
[Round "3"]
[White "Rutter, Blair"]
[Black "Green, Aaron"]
[Result "1-0"]
[WhiteElo "1854"]
[BlackElo "2010"]
[PlyCount "67"]
[GameId "2160767909649019"]
[EventDate "2011.08.09"]
[EventType "swiss"]
[EventRounds "4"]
[EventCountry "CAN"]
[SourceTitle "EXT 2022"]
[Source "ChessBase"]
[SourceDate "2021.10.06"]
[SourceVersion "1"]
[SourceVersionDate "2021.10.06"]
[SourceQuality "1"]

1. c4 Nf6 2. g3 g6 3. Bg2 Bg7 4. Nc3 d6 5. e4 c5 6. Nge2 Nc6 7. O-O O-O 8. h3 Bd7 9. d3 a6 10. Be3 Rb8 11. a4 e5 12. Qd2 Nd4 13. Bxd4 cxd4 14. Nd5 b5 15. axb5 axb5 16. b3 Nxd5 17. cxd5 f5 18. f4 fxe4 19. dxe4 d3 20. Qxd3 exf4 21. Ra6 fxg3 22. Rxd6 Be5 23. Rxf8+ Kxf8 24. Ra6 Qc8 25. Ra2 Qc5+ 26. Kh1 Qf2 27. Qd2 Bxh3 28. Qh6+ Kg8 29. Qxh3 Qe1+ 30. Bf1 Rf8 31. Qe6+ Kg7 32. Qxe5+ Kh6 33. Nxg3 Rf3 34. Rh2# 1-0

[Event "Winnipeg TNT August op"]
[Site "Winnipeg CAN"]
[Date "2011.08.23"]
[Round "3"]
[White "Schwartz, Leah"]
[Black "Baron, Cody"]
[Result "0-1"]
[WhiteElo "1343"]
[BlackElo "1327"]
[PlyCount "118"]
[GameId "2160767909649020"]
[EventDate "2011.08.09"]
[EventType "swiss"]
[EventRounds "4"]
[EventCountry "CAN"]
[SourceTitle "EXT 2022"]
[Source "ChessBase"]
[SourceDate "2021.10.06"]
[SourceVersion "1"]
[SourceVersionDate "2021.10.06"]
[SourceQuality "1"]

1. e4 c5 2. Nf3 g6 3. d4 Bg7 4. Be3 Nc6 5. Nc3 Qb6 6. Na4 Qa5+ 7. Nc3 Qb4 8. Rb1 cxd4 9. Nxd4 Nxd4 10. Bxd4 Bxd4 11. Qd2 Bxc3 12. Qxc3 Qxc3+ 13. bxc3 b6 14. Bb5 Bb7 15. Bd3 Nf6 16. f3 O-O 17. O-O d5 18. e5 Nd7 19. Rfe1 Rac8 20. e6 Nc5 21. exf7+ Rxf7 22. Bb5 Ba6 23. Bxa6 Nxa6 24. Re5 Rxc3 25. Rxd5 Rxc2 26. Rd8+ Rf8 27. Rxf8+ Kxf8 28. Ra1 Nb4 29. a3 Ra2 30. Rxa2 Nxa2 31. g4 a5 32. h4 Nc3 33. Kg2 b5 34. h5 Kg7 35. Kh3 b4 36. axb4 axb4 37. f4 Ne4 38. Kh4 gxh5 39. gxh5 b3 40. f5 b2 41. f6+ Nxf6 42. Kg5 Nxh5 43. Kxh5 b1=Q 44. Kg5 Qg6+ 45. Kf4 Qd6+ 46. Kg5 e5 47. Kf5 Qf6+ 48. Ke4 Qf4+ 49. Kd5 e4 50. Kd4 e3+ 51. Kd3 Qf2 52. Ke4 e2 53. Kd3 Qe1 54. Ke3 Qd1 55. Kf2 e1=Q+ 56. Kg2 Qdd2+ 57. Kf3 Qee3+ 58. Kg4 Qg2+ 59. Kh4 Qeh3# 0-1

[Event "Winnipeg TNT August op"]
[Site "Winnipeg CAN"]
[Date "2011.08.23"]
[Round "3"]
[White "Swift, Ryne"]
[Black "Magnusson, Saul"]
[Result "0-1"]
[WhiteElo "1768"]
[BlackElo "1804"]
[PlyCount "84"]
[GameId "2160767909649021"]
[EventDate "2011.08.09"]
[EventType "swiss"]
[EventRounds "4"]
[EventCountry "CAN"]
[SourceTitle "EXT 2022"]
[Source "ChessBase"]
[SourceDate "2021.10.06"]
[SourceVersion "1"]
[SourceVersionDate "2021.10.06"]
[SourceQuality "1"]

1. e4 c5 2. Nf3 d6 3. d4 cxd4 4. Nxd4 Nf6 5. Nc3 e6 6. f3 Be7 7. Be3 Nc6 8. Qd2 Bd7 9. Be2 Nxd4 10. Bxd4 Bc6 11. O-O O-O 12. Rad1 Qc7 13. Bxf6 Bxf6 14. Kh1 Rfd8 15. f4 Qa5 16. Bf3 Bxc3 17. Qxc3 Qxc3 18. bxc3 Ba4 19. Rd4 b5 20. Rfd1 Rac8 21. Rxd6 Rxd6 22. Rxd6 Kf8 23. Rd3 Bxc2 24. Re3 Rd8 25. Kg1 Rd2 26. Re2 Rxe2 27. Bxe2 Bxe4 28. Bxb5 Ke7 29. Kf2 Kd6 30. g3 Kc5 31. Ba6 Bd5 32. a3 Bc4 33. Bc8 Bb5 34. Ke3 Kc4 35. f5 e5 36. Ke4 f6 37. Be6+ Kxc3 38. Kd5 Kd3 39. Kd6 e4 40. Bd5 Kd4 41. Bb7 e3 42. Bf3 e2 0-1

[Event "Winnipeg TNT August op"]
[Site "Winnipeg CAN"]
[Date "2011.08.30"]
[Round "4"]
[White "Baron, Cody"]
[Black "Pang, Michael"]
[Result "0-1"]
[WhiteElo "1327"]
[BlackElo "1829"]
[PlyCount "112"]
[GameId "2160767909649022"]
[EventDate "2011.08.09"]
[EventType "swiss"]
[EventRounds "4"]
[EventCountry "CAN"]
[SourceTitle "EXT 2022"]
[Source "ChessBase"]
[SourceDate "2021.10.06"]
[SourceVersion "1"]
[SourceVersionDate "2021.10.06"]
[SourceQuality "1"]

1. Nf3 Nf6 2. d3 d5 3. Nbd2 Nc6 4. g3 e5 5. Bg2 Bc5 6. O-O O-O 7. b3 h6 8. Bb2 e4 9. Ne5 e3 10. Nxc6 exf2+ 11. Kh1 bxc6 12. d4 Bd6 13. Rxf2 Ng4 14. Rf3 Re8 15. c4 Ne3 16. Qg1 Ng4 17. Re1 Qg5 18. Bc1 Qh5 19. c5 Be7 20. h3 Bg5 21. h4 Be3 22. Qf1 Bxd4 23. e4 dxe4 24. Rf4 Ne3 25. Qe2 Bg4 26. Qa6 Nxg2 27. Kxg2 Bf3+ 28. Kh3 g5 29. Nxf3 Bf2 30. g4 Qg6 31. Rf5 exf3 32. Rxe8+ Rxe8 33. Bxg5 Kh7 34. Qd3 hxg5 35. Rxf7+ Kh6 36. hxg5+ Kxg5 37. Rf5+ Kh6 38. Rh5+ Kg7 39. Qd7+ Kg8 40. Rf5 Qh7+ 41. Qxh7+ Kxh7 42. Rxf3 Re3 43. Rxe3 Bxe3 44. Kg3 Bxc5 45. Kf3 Kg6 46. Ke4 Kg5 47. Ke5 Bd6+ 48. Ke6 Kxg4 49. Kd7 c5 50. Kc6 a6 51. Kb7 a5 52. Ka6 a4 53. bxa4 c4 54. Kb5 c3 55. a5 c2 56. a6 c1=Q 0-1

[Event "Winnipeg TNT August op"]
[Site "Winnipeg CAN"]
[Date "2011.08.30"]
[Round "4"]
[White "Green, Aaron"]
[Black "De los Santos, Christopher"]
[Result "1/2-1/2"]
[WhiteElo "2010"]
[BlackElo "1823"]
[PlyCount "41"]
[GameId "2160767909649023"]
[EventDate "2011.08.09"]
[EventType "swiss"]
[EventRounds "4"]
[EventCountry "CAN"]
[SourceTitle "EXT 2022"]
[Source "ChessBase"]
[SourceDate "2021.10.06"]
[SourceVersion "1"]
[SourceVersionDate "2021.10.06"]
[SourceQuality "1"]

1. e4 c6 2. d4 d5 3. Nc3 dxe4 4. Nxe4 Bf5 5. Ng3 Bg6 6. Nf3 Nf6 7. Bd3 Bxd3 8. Qxd3 e6 9. O-O Be7 10. b3 O-O 11. Bb2 a5 12. a4 Na6 13. Rad1 Qc7 14. Ne4 Rad8 15. Nfg5 Nxe4 16. Nxe4 Nb4 17. Qe2 Nd5 18. g3 Nf6 19. c4 Nxe4 20. Qxe4 Bf6 21. Rd3 1/2-1/2

[Event "Winnipeg TNT August op"]
[Site "Winnipeg CAN"]
[Date "2011.08.30"]
[Round "4"]
[White "Green, Jim"]
[Black "Einarsson, Ken"]
[Result "1-0"]
[WhiteElo "1851"]
[BlackElo "1788"]
[PlyCount "71"]
[GameId "2160767909649024"]
[EventDate "2011.08.09"]
[EventType "swiss"]
[EventRounds "4"]
[EventCountry "CAN"]
[SourceTitle "EXT 2022"]
[Source "ChessBase"]
[SourceDate "2021.10.06"]
[SourceVersion "1"]
[SourceVersionDate "2021.10.06"]
[SourceQuality "1"]

1. e4 e5 2. Nf3 Nc6 3. d4 exd4 4. Nxd4 Nxd4 5. Qxd4 b6 6. Nc3 Bb7 7. Be3 Nf6 8. f3 Bc5 9. Qe5+ Be7 10. Qg3 g6 11. O-O-O O-O 12. h4 Nh5 13. Qf2 Bd6 14. f4 Qe7 15. e5 Bb4 16. Nd5 Bxd5 17. Rxd5 Qe6 18. Bc4 Qc6 19. Bb3 a5 20. a4 d6 21. g4 Ng7 22. h5 g5 23. Rhd1 dxe5 24. Rxe5 gxf4 25. Bxf4 Qf6 26. g5 Qc6 27. g6 hxg6 28. hxg6 Qxg6 29. Rg5 Qf6 30. Rdg1 Rae8 31. Rxg7+ Qxg7 32. Rxg7+ Kxg7 33. Qg3+ Kh8 34. Qh4+ Kg7 35. Qg5+ Kh8 36. Kb1 1-0

[Event "Winnipeg TNT August op"]
[Site "Winnipeg CAN"]
[Date "2011.08.30"]
[Round "4"]
[White "Joven, Perfecto"]
[Black "Kernetsky, Myron"]
[Result "0-1"]
[WhiteElo "2006"]
[BlackElo "1987"]
[PlyCount "84"]
[GameId "2160767909649025"]
[EventDate "2011.08.09"]
[EventType "swiss"]
[EventRounds "4"]
[EventCountry "CAN"]
[SourceTitle "EXT 2022"]
[Source "ChessBase"]
[SourceDate "2021.10.06"]
[SourceVersion "1"]
[SourceVersionDate "2021.10.06"]
[SourceQuality "1"]

1. Nf3 Nf6 2. d4 e6 3. c4 c5 4. g3 Nc6 5. Bg2 Qb6 6. d5 exd5 7. cxd5 Nb4 8. Nc3 d6 9. a3 Na6 10. O-O Be7 11. Nd2 O-O 12. Nc4 Qd8 13. Bf4 Nc7 14. a4 a6 15. Nb6 Rb8 16. a5 Nb5 17. Nca4 Bf5 18. h3 h6 19. g4 Bg6 20. f3 Ne8 21. Nc4 f5 22. Nab6 Bf6 23. e3 Bh7 24. Bg3 Rf7 25. f4 Qe7 26. Kh1 fxg4 27. Qxg4 Be4 28. Qe6 Bxg2+ 29. Kxg2 Qd8 30. Ne5 dxe5 31. fxe5 Nec7 32. Qf5 Nxd5 33. exf6 Nxe3+ 34. Kh1 Nxf5 35. Rxf5 Rxf6 36. Rd5 Qf8 37. Bxb8 Qxb8 38. Nd7 Qf4 39. Nxf6+ Qxf6 40. Rdd1 Qf3+ 41. Kh2 Nd4 42. Rf1 Qe2+ 0-1

[Event "Winnipeg TNT August op"]
[Site "Winnipeg CAN"]
[Date "2011.08.30"]
[Round "4"]
[White "Leaden, Bruce"]
[Black "Schwartz, Leah"]
[Result "1-0"]
[WhiteElo "1475"]
[BlackElo "1343"]
[PlyCount "65"]
[GameId "2160767909649026"]
[EventDate "2011.08.09"]
[EventType "swiss"]
[EventRounds "4"]
[EventCountry "CAN"]
[SourceTitle "EXT 2022"]
[Source "ChessBase"]
[SourceDate "2021.10.06"]
[SourceVersion "1"]
[SourceVersionDate "2021.10.06"]
[SourceQuality "1"]

1. Nf3 Nf6 2. d4 d5 3. Bf4 Nc6 4. e3 Bg4 5. Bb5 Qd7 6. Nbd2 a6 7. Be2 g6 8. Ne5 Nxe5 9. Bxe5 Bxe2 10. Qxe2 Bg7 11. b3 O-O 12. c4 dxc4 13. Qxc4 Rac8 14. Qe2 Qd5 15. O-O Ne4 16. Bxg7 Kxg7 17. Qf3 f5 18. Nxe4 fxe4 19. Qe2 Kg8 20. Rac1 Qd6 21. Rc5 b6 22. Re5 a5 23. Qc4+ Kh8 24. Rxe4 Rfe8 25. Rh4 Qb4 26. Qf7 h5 27. Qxg6 Qb5 28. Rxh5+ Qxh5 29. Qxh5+ Kg8 30. Rc1 Rf8 31. Rc6 Rfe8 32. Rg6+ Kf8 33. Qf5# 1-0

[Event "Winnipeg TNT August op"]
[Site "Winnipeg CAN"]
[Date "2011.08.30"]
[Round "4"]
[White "Li, Kevin"]
[Black "Rutter, Blair"]
[Result "1-0"]
[WhiteElo "2181"]
[BlackElo "1854"]
[PlyCount "107"]
[GameId "2160767909649027"]
[EventDate "2011.08.09"]
[EventType "swiss"]
[EventRounds "4"]
[EventCountry "CAN"]
[SourceTitle "EXT 2022"]
[Source "ChessBase"]
[SourceDate "2021.10.06"]
[SourceVersion "1"]
[SourceVersionDate "2021.10.06"]
[SourceQuality "1"]

1. e4 e6 2. d4 d5 3. Nc3 Nf6 4. Bg5 Be7 5. Bxf6 Bxf6 6. e5 Be7 7. Bd3 c5 8. Qg4 g6 9. dxc5 Bxc5 10. Nf3 Qb6 11. Nxd5 Qa5+ 12. Kf1 Nc6 13. Nf6+ Kf8 14. Qf4 Kg7 15. Ng5 Qc7 16. Ng4 Qe7 17. Ne4 h5 18. Qf6+ Kg8 19. Qxe7 Bxe7 20. Ngf6+ Kg7 21. f4 Rd8 22. a3 b6 23. Kf2 Bb7 24. Rhd1 Nd4 25. Rd2 Rac8 26. Rad1 Rc7 27. c3 Nb3 28. Re2 Ba6 29. Bxa6 Rxd1 30. Ne8+ Kf8 31. Nxc7 Bd8 32. Nb5 Nc1 33. Rd2 Rxd2+ 34. Nxd2 Nd3+ 35. Kf3 Nxb2 36. Nxa7 Na4 37. Ne4 Be7 38. Bb5 Nb2 39. a4 Nd1 40. Nc6 Ba3 41. Ke2 Nb2 42. Kd2 Kg7 43. Kc2 Nxa4 44. Bxa4 g5 45. fxg5 Kg6 46. Kd3 Kf5 47. Bd1 Kg6 48. g3 Bf8 49. h4 Ba3 50. Nf6 Bc5 51. Bxh5+ Kg7 52. Nd8 Bf2 53. Bxf7 Bxg3 54. Nh5+ 1-0

[Event "Winnipeg TNT August op"]
[Site "Winnipeg CAN"]
[Date "2011.08.30"]
[Round "4"]
[White "Magnusson, Saul"]
[Black "Klokow, John"]
[Result "1/2-1/2"]
[WhiteElo "1804"]
[BlackElo "1807"]
[PlyCount "130"]
[GameId "2160767909649028"]
[EventDate "2011.08.09"]
[EventType "swiss"]
[EventRounds "4"]
[EventCountry "CAN"]
[SourceTitle "EXT 2022"]
[Source "ChessBase"]
[SourceDate "2021.10.06"]
[SourceVersion "1"]
[SourceVersionDate "2021.10.06"]
[SourceQuality "1"]

1. e4 e5 2. Nf3 Nc6 3. Bb5 Nf6 4. d3 d6 5. c3 Be7 6. Nbd2 O-O 7. O-O Bg4 8. Re1 Na5 9. d4 exd4 10. cxd4 c5 11. Nf1 Qb6 12. Bd3 cxd4 13. h3 Bh5 14. Ng3 Bg6 15. Nh4 Rfe8 16. Ngf5 Bf8 17. Bg5 Nd7 18. Bc2 Nc6 19. Bf4 Nde5 20. Bb3 Rac8 21. Nf3 Nxf3+ 22. Qxf3 Ne5 23. Qd1 Bxf5 24. exf5 Qc5 25. Rc1 Qa5 26. Qh5 Nf3+ 27. Qxf3 Rxe1+ 28. Rxe1 Qxe1+ 29. Kh2 Qe7 30. Qd5 Rc5 31. Qxd4 Rxf5 32. Bg3 b6 33. Qd3 Rc5 34. Bf4 Qf6 35. Be3 Rc7 36. Bd4 Qg6 37. Qf3 d5 38. Qxd5 Qd6+ 39. Qxd6 Bxd6+ 40. g3 Kf8 41. Kg2 f6 42. Kf3 Ke7 43. Ke3 Bc5 44. Bxc5+ Rxc5 45. Kd3 Kd6 46. Ke3 Ke5 47. Kd3 g5 48. Ke3 h5 49. f3 b5 50. Kd3 a5 51. a3 a4 52. Bc2 Rd5+ 53. Ke3 Rc5 54. Bd3 Rc1 55. Bxb5 Rc2 56. Bxa4 Rxb2 57. g4 hxg4 58. hxg4 Ra2 59. Bc6 Rxa3+ 60. Kf2 Kf4 61. Ke2 Re3+ 62. Kf2 Rd3 63. Ke2 Re3+ 64. Kf2 Rd3 65. Ke2 Re3+ 1/2-1/2